00878nam a2200181 a 450000100100000000500170001000800410002702000180006804000250008610000410011124501430015226000940029530000270038970000470041695201050046395201110056899900170067900004489820201002045720.0150115s2014 dr a 000 0 spa d a9789945472363 aDO-SdBNPbspacBNPHU1 aMeléndez Valencia, Martín96547610aDinámica de Fluidos y Turbomáquinas :bprácticas de laboratorio /cMartín Meléndez Valencia, Juan Ernesto Castellanos Cunillera. aSanto Domingo :bInstituto Tecnológico de Santo DomingobÁrea de ingeniería,c2014. a90 p. :bil. ;c28 cm.1 aCastellanos Cunillera, Juan Ernesto965477 0010718PDaPDbPDcCTd2015-01-15iLF1l0o p44898-10r2020-06-25w2020-06-25yLFPDZNo se presta 0010718PDaPDbPDcCTd2015-01-15iLF1l0o p44898-20r2020-06-25te. 2w2020-06-25yLFPDZNo se presta c44387d44387